Score 0/17 Timer 04:00
7 Plays Today
% Correct
Park bench scenes
87.9%
Mathematics in movies
87.7%
Scenes shot in color and in black and white
82%
Nerdy girl makeovers
80.5%
Featuring home invasions
79.6%
Famous lines ad-libbed
74.6%
Best costume Oscars
71.3%
Summer vacation movies
70.1%
A main character drives Jaguar
69.1%
% Correct
Features Jack Black
69.1%
Father rescues child
68.7%
World War III
68.3%
Studio Ghibli movies
67.2%
Tech noir movies
65.7%
Female authors
61.8%
Ridley Scott movies
60.4%
Food fights
56.6%
Remove Ads.
Support Sporcle.
Get the best of Sporcle when you Go Orange. This ad-free experience offers more features, more stats, and more fun while also helping to support Sporcle. Thank you for becoming a member.

You're not logged in!

Compare scores with friends on all Sporcle quizzes.
OR
Log In

Sporcle TV

Today on Sporcle TV


Watch our educational content, quiz creation guides, and fun videos on Sporcle TV.

Show Comments

Extras

Top Quizzes Today


Score Distribution

Paid Content

Your Account Isn't Verified!

In order to create a playlist on Sporcle, you need to verify the email address you used during registration. Go to your Sporcle Settings to finish the process.

Report this User

Report this user for behavior that violates our Community Guidelines.

Details: